Statistics for Partial City Names - Click Quiz

Click here to take the quiz!

General Stats

  • This quiz has been taken 174 times
  • The average score is 12 of 15

Answer Stats

HintAnswer% Correct
BuenosAires
100%
LosAngeles
95%
NewOrleans
95%
CapeTown
94%
MonteCarlo
91%
KualaLumpur
91%
TelAviv
90%
AddisAbaba
89%
SanSalvador
88%
AliceSprings
76%
PortMoresby
68%
CuidadJuarez
67%
BeloHorizonte
64%
ClermontFerrand
55%
NoviSad
53%

Score Distribution

Percentile by Number Answered

Percent of People with Each Score

Your Score History

You have not taken this quiz